000 00443nam a2200181Ia 4500
001 19567
005 20260306172702.0
008 260306t1987||||xx |||||||||||||| ||spa||
041 _aESP
082 _a340.7
_bA51 1987
100 _aAlzamora Valdez, Mario
_eAUT
245 0 _aIntroducción a la ciencia del derecho
260 _c1987
300 _a350 páginas :
_c24 cm.
650 _aGEN
654 _aCDE
942 _cLIB
_dJUS
_fJUS
_2ddc
_n
999 _c19567
_d19567